Statistics for Seashells by Picture

Click here to take the quiz!

General Stats

  • This quiz has been taken 8 times
  • The average score is 8 of 16

Answer Stats

Answer% Correct
Giant Clam
100%
Antillean Scallop
75%
Measled Cowrie
75%
Tiger Cowrie
75%
Flame Helmet
50%
Giant Tun
50%
Purple Sea Snail
50%
Queen Conch
50%
Red Abalone
50%
Sundial Snail
50%
Trumpet Triton
50%
Bruised Nassa
25%
Milk Conch
25%
Shark Eye
25%
Sharp Ribbed Drill
25%
Smooth Turban
25%

Score Distribution

Percentile by Number Answered

Percent of People with Each Score

Your Score History

You have not taken this quiz